|
|
|
|
| LEADER |
00000cam a2200000 a 4500 |
| 001 |
vtls010554691 |
| 003 |
SK-MaSNL |
| 005 |
20260426002732.0 |
| 008 |
160430s2013 xr hoacf 000 0deng |
| 015 |
|
|
|a SNBZSA2013-001621
|
| 020 |
|
|
|a 9788074920554 (viaz.)
|
| 035 |
|
|
|a 69C21A5B-9D55-4CD8-A8CB-9FFF120898D6
|
| 035 |
|
|
|a urn:nbn:sk:snk-amk0iy
|
| 035 |
|
|
|a urn:nbn:sk:snk-am00884s
|
| 040 |
|
|
|a SNK
|b slo
|c SNK
|e AACR2
|
| 041 |
1 |
|
|a eng
|h cze
|
| 043 |
|
|
|a e-xo---
|a e-xr---
|a e-cs---
|
| 044 |
|
|
|a xr
|c CZ
|
| 072 |
|
7 |
|a 617
|x Ortopédia. Chirurgia. Oftalmológia
|2 konspekt
|
| 080 |
|
|
|a 617.3
|2 2001
|
| 080 |
|
|
|a 616-051
|2 2001
|
| 080 |
|
|
|a 61(091)
|2 2001
|
| 080 |
|
|
|a 617.3-051
|2 2001
|
| 080 |
|
|
|a (=162.3)
|2 2001
|
| 080 |
|
|
|a (=162.4)
|2 2001
|
| 080 |
|
|
|a (437.3)
|2 2001
|
| 080 |
|
|
|a (437.6)
|2 2001
|
| 080 |
|
|
|a (437)
|2 2001
|
| 080 |
|
|
|a (048.8:082)
|2 2001
|
| 245 |
0 |
0 |
|a History of the Czechoslovak, and the Czech and Slovak orthopaedics
|c Oldřich Čech, the editor ; [translation Radmila Hacklová]
|
| 250 |
|
|
|a 1st ed.
|
| 260 |
|
|
|a Prague
|b Galen
|c 2013
|
| 300 |
|
|
|a 186 s.
|b faks., fotogr., ilustr., portréty
|c 31 cm
|
| 490 |
1 |
|
|a Acta chirurgiae orthopaedicae et traumatologiae Čechoslovaca ;
|v 80, 2013
|
| 500 |
|
|
|a Pravdepodobne prel. z češ.
|
| 648 |
|
7 |
|a 20.-21. stor.
|2 SNKPH
|9 270701
|
| 648 |
|
7 |
|a 20th-21st centuries
|2 SNKPHeng
|9 285312
|
| 650 |
0 |
7 |
|a ortopédia
|2 SNKPH
|9 18628
|
| 650 |
0 |
7 |
|a lekári
|2 SNKPH
|9 3195
|
| 650 |
0 |
7 |
|a dejiny medicíny
|2 SNKPH
|9 112274
|
| 650 |
0 |
7 |
|a Orthopedics
|2 SNKPHeng
|9 363495
|
| 650 |
0 |
7 |
|a Physicians
|2 SNKPHeng
|9 275778
|
| 650 |
0 |
7 |
|a ortopédi
|2 SNKPH
|9 133811
|
| 650 |
0 |
7 |
|a Orthopedists
|2 SNKPHeng
|9 603778
|
| 650 |
0 |
7 |
|a History of medicine
|2 SNKPHeng
|9 320256
|
| 650 |
0 |
7 |
|a Česi
|2 SNKPH
|9 24818
|
| 650 |
0 |
7 |
|a Czechs
|2 SNKPHeng
|9 303143
|
| 650 |
0 |
7 |
|a Slováci
|2 SNKPH
|9 22552
|
| 650 |
0 |
7 |
|a Slovaks
|2 SNKPHeng
|9 265192
|
| 651 |
|
7 |
|a Česko
|2 SNKPH
|9 16753
|
| 651 |
|
7 |
|a Slovensko
|2 SNKPH
|9 14231
|
| 651 |
|
7 |
|a Československo
|2 SNKPH
|9 21376
|
| 651 |
|
7 |
|a Czechia
|2 SNKPHeng
|9 170107
|
| 651 |
|
7 |
|a Slovakia
|2 SNKPHeng
|9 92630
|
| 651 |
|
7 |
|a Czechoslovakia
|2 SNKPHeng
|9 265183
|
| 655 |
|
7 |
|a kolektívne monografie
|2 SNKPH
|9 249850
|
| 655 |
|
7 |
|a Collective monographs
|2 SNKPHeng
|9 125747
|
| 700 |
1 |
|
|a Čech, Oldřich,
|d 1928-
|4 edt
|9 131162
|
| 700 |
1 |
|
|a Hacklová, Radmila
|4 trl
|9 603779
|
| 752 |
|
|
|a Česko
|d Praha
|
| 830 |
|
0 |
|a Acta chirurgiae orthopaedicae et traumatologiae Čechoslovaca
|9 437227
|
| 852 |
|
|
|a Štátna vedecká knižnica v Banskej Bystrici
|
| 919 |
|
|
|a 978-80-7492-055-4
|
| 958 |
|
|
|a ZS
|
| 958 |
|
|
|a SK
|
| 958 |
|
|
|a CZ
|
| 958 |
|
|
|a MI
|
| 958 |
|
|
|a OP
|
| 958 |
|
|
|a BX
|
| 999 |
|
|
|c 926039
|d 927969
|
| 952 |
|
|
|a SNK
|b SNK
|y VYP
|7 0
|p 17A1094722
|o snkSB 85877 D1
|i snk2014/2949
|8 4
|g 17.42
|0 0
|1 0
|4 0
|d 2013-12-19
|l 0
|r 2016-06-30 00:00:00
|w 2026-02-24
|
| 952 |
|
|
|a SNK
|b SNK
|y PREZ
|7 0
|p 17A1093755
|o snkSB 85877
|i snk2013/29068
|8 4
|g 18.74
|0 0
|1 0
|4 0
|d 2013-10-31
|f 1
|l 0
|r 2025-05-06 00:00:00
|w 2026-02-24
|
| 952 |
|
|
|t snkHIS 617.3
|a SNKUST
|b SNKUST
|y PREZ
|7 0
|p 17A1121984
|o snkSB 85877 D2
|i snk2015/3248
|8 4
|g 19.91
|0 0
|1 0
|4 0
|d 2015-01-27
|l 0
|r 2025-05-28 00:00:00
|w 2026-02-24
|